000 00300nam a2200109Ia 4500
005 20251222144805.0
008 251222s9999||||xx |||||||||||||| ||spa||
082 _a352.258.5/M84
100 _aMontoya Lizárraga, Ivone M.
245 0 _aPolĂ­ticas Nacionales de Obligatorio Cumplimiento:
942 _cLIB
999 _c19897
_d19897